000 01812cam a2200385 i 4500
001 768714001
003 CO-MdFUSB
005 20240531062747.0
007 ta
008 090803t20092009ilu b 000 0 eng
010 _a2009031644
020 _a9780830838493 (pbk. : alk. paper)
020 _a083083849X (pbk. : alk. paper)
040 _aDLC
_cCO-MdFUSB
_dBTCTA
_dC#P
_dYDXCP
_dFHP
_dCAP
_dUtOrBLW
_bspa
_erda
041 _aeng
082 _223
_a270.83
_bA232
100 1 _aAdeney, Miriam,
_d1945-
_eautor
245 1 0 _aKingdom without borders :
_bthe untold story of global Christianity
_c/ Miriam Adeney.
264 1 _aDowners Grove, Ill. :
_bIVP Books,
_c[2009]
264 4 _c2009.
300 _a294 páginas ;
_c21 cm.
336 _atexto
_btxt
_2rdacontent.
337 _asin mediación
_bn
_2rdamedia.
338 _avolumen
_bnc
_2rdacarrier.
504 _aIncluye referencias bibliográficas.
505 _aIntroducción: lo que aprendí de los filipinos - Esta es mi gente - El elefante en la habitación: la gente de Jesús en China - Palabra - Pulsante pasión: la gente de Jesús en América Latina - Espíritu - Eje de esperanza: Jesús 'gente en el mundo musulmán - Catástrofe - Siervos místicos: la gente de Jesús en el mundo hindú - Canción - Cuando pasas por el fuego: la gente de Jesús en África - Camino de la cruz - Camino de vida.
520 _aAdeney retira el velo de los verdaderos cristianos de todo el mundo: su fe, sus dificultades, sus triunfos y sus fracasos, y comparte la inspiradora y desafiante historia de un reino que no conoce fronteras.
563 _aRústico
650 7 _aCristianismo
_2
_922
650 0 _aCristianismo.
_91196
_xHistoria -
_ySiglo XX
942 _cBK
945 _aJTF-925
999 _c66299
_d66299